| 000 | 01599nam0a2200301 4500 | ||
|---|---|---|---|
| 001 | RU\NLR\bibl\1262023 | ||
| 005 | 20260407144533.0 | ||
| 010 |
_a5-85502-088-6 _9300 |
||
| 021 |
_aRU _b2008-47115 _92602 |
||
| 035 | _a(NLR Aleph) 001248012 | ||
| 090 |
_a300991 _c300991 |
||
| 100 | _a20080814d2008 |||y0rusy50 ca | ||
| 101 | 0 | _arus | |
| 102 | _aRU | ||
| 105 | _aa ||||||||| | ||
| 200 | 1 |
_aМетод количественной оценки тенасцина в злокачественных эпителиальных новообразованиях _eпособие для врачей _fФедер. гос. учреждение Моск. н.-и. онколог. ин-т им. П.А. Герцена Федер. агентства по высокотехнологичной мед. помощи _g[д.б.н. Л.Э. Завалишина и др.] |
|
| 210 |
_aМосква _cМНИОИ _d2008 |
||
| 215 |
_a15 с. _cил. _d21 |
||
| 320 | _aБиблиогр.: с. 15 (12 назв.) | ||
| 606 | 1 |
_aТенасцин _jРуководства, пособия и т.п. _xОпределение в эпителиальных опухолях _92521675 _3RU\NLR\auth\661494229 |
|
| 686 | _aР562,4я7 | ||
| 702 | 1 |
_aЗавалишина _bЛ. Э. _gЛариса Эдуардовна _4220 |
|
| 712 | 0 | 2 |
_4570 _aМосковский научно-исследовательский онкологический институт им. П. А. Герцена _3RU\NLR\AUTH\8810019294 _9536478 |
| 801 | 0 |
_aRU _bNLR _c20080814 _gRCR |
|
| 801 | 1 |
_aRU _bNLR _c20080814 |
|
| 942 | _cBOOK | ||
| 980 | _aNB | ||